Internet of Things from Scratch (Record no. 68771)

000 -LEADER
fixed length control field 00557nam a22002057a 4500
003 - CONTROL NUMBER IDENTIFIER
control field PK-NaQUE
005 - DATE AND TIME OF LATEST TRANSACTION
control field 20250410121548.0
008 - FIXED-LENGTH DATA ELEMENTS--GENERAL INFORMATION
fixed length control field 250410b ||||| |||| 00| 0 eng d
020 ## - INTERNATIONAL STANDARD BOOK NUMBER
International Standard Book Number 9781837638543
022 ## - INTERNATIONAL STANDARD SERIAL NUMBER
International Standard Serial Number 9781837638543
040 ## - CATALOGING SOURCE
Transcribing agency QUEST
100 ## - MAIN ENTRY--PERSONAL NAME
Personal name Gondosubroto, Renaldi
245 ## - TITLE STATEMENT
Title Internet of Things from Scratch
260 ## - PUBLICATION, DISTRIBUTION, ETC. (IMPRINT)
Place of publication, distribution, etc U.K
Name of publisher, distributor, etc Packt Publishing
Date of publication, distribution, etc 2024
300 ## - PHYSICAL DESCRIPTION
Extent 417p.
650 ## - SUBJECT ADDED ENTRY--TOPICAL TERM
Topical term or geographic name as entry element Internet
650 ## - SUBJECT ADDED ENTRY--TOPICAL TERM
Topical term or geographic name as entry element Computer Networking
856 ## - ELECTRONIC LOCATION AND ACCESS
Uniform Resource Identifier http://10.10.170.122:8080/browse/book/27020
Link text Download eBook
942 ## - ADDED ENTRY ELEMENTS (KOHA)
Koha item type Books
Source of classification or shelving scheme
Holdings
Withdrawn status Lost status Damaged status Not for loan Permanent Location Current Location Date acquired Cost, normal purchase price Full call number Barcode Date last seen Koha item type
        Central Library, QUEST, Nawabshah Central Library, QUEST, Nawabshah 2025-04-08 18864.00 004.678GON 58706 2025-04-08 Books

Copyright © 2018,The QUEST, Nawabshah, Shaheed Benazirabad. All rights reserved
Mr. G. Farooq Channar (Librarian) QUEST, Nawabshah, Sindh, Pakistan 67480.
 Ph#: |   0244-9370381-4 Ext. 2308   Email| [email protected]   Web|  http://www.quest.edu.pk